<?xml version="1.0" encoding="UTF-8"?>
<record
    xmlns:xsi="http://www.w3.org/2001/XMLSchema-instance"
    xsi:schemaLocation="http://www.loc.gov/MARC21/slim http://www.loc.gov/standards/marcxml/schema/MARC21slim.xsd"
    xmlns="http://www.loc.gov/MARC21/slim">

  <leader>00590nam a22001937a 4500</leader>
  <datafield tag="999" ind1=" " ind2=" ">
    <subfield code="c">170891</subfield>
    <subfield code="d">170891</subfield>
  </datafield>
  <controlfield tag="005">20191230114035.0</controlfield>
  <datafield tag="010" ind1=" " ind2=" ">
    <subfield code="a">A-645061</subfield>
  </datafield>
  <datafield tag="020" ind1=" " ind2=" ">
    <subfield code="c">4.00</subfield>
    <subfield code="a">-</subfield>
  </datafield>
  <datafield tag="035" ind1=" " ind2=" ">
    <subfield code="a">A-645061</subfield>
  </datafield>
  <datafield tag="037" ind1=" " ind2=" ">
    <subfield code="b">BPPD</subfield>
  </datafield>
  <datafield tag="082" ind1=" " ind2=" ">
    <subfield code="a">840</subfield>
  </datafield>
  <datafield tag="100" ind1=" " ind2=" ">
    <subfield code="a">&#x627; &#x64A;&#x688; &#x64A;&#x679;&#x631; :&#x6A9;&#x634;&#x645;&#x64A;&#x631; &#x6CC; &#x644;&#x627; &#x644; &#x630; &#x627; &#x6A9;&#x631; </subfield>
  </datafield>
  <datafield tag="245" ind1=" " ind2=" ">
    <subfield code="a">&#x62C;&#x645;&#x646;&#x627; &#x62A;&#x679; </subfield>
    <subfield code="c">&#x627; &#x64A;&#x688; &#x64A;&#x679;&#x631; :&#x6A9;&#x634;&#x645;&#x64A;&#x631; &#x6CC; &#x644;&#x627; &#x644; &#x630; &#x627; &#x6A9;&#x631;</subfield>
  </datafield>
  <datafield tag="246" ind1=" " ind2=" ">
    <subfield code="a">Jamuna Tat (Urdu)</subfield>
    <subfield code="b">by Kashmiri Lal Zakir</subfield>
  </datafield>
  <datafield tag="260" ind1=" " ind2=" ">
    <subfield code="a">-</subfield>
    <subfield code="c">1993 &#x621; </subfield>
    <subfield code="b">Naqvi </subfield>
  </datafield>
  <datafield tag="270" ind1=" " ind2=" ">
    <subfield code="a">610,Secter 16,Panchkula </subfield>
    <subfield code="b">-</subfield>
    <subfield code="k">-</subfield>
    <subfield code="e">134109</subfield>
  </datafield>
  <datafield tag="300" ind1=" " ind2=" ">
    <subfield code="a">96 &#x635;</subfield>
    <subfield code="c">22 cm(hb)</subfield>
  </datafield>
  <datafield tag="942" ind1=" " ind2=" ">
    <subfield code="2">ddc</subfield>
    <subfield code="c">UR</subfield>
    <subfield code="h">840</subfield>
    <subfield code="m">&#x62C; &#x645; &#x646; </subfield>
  </datafield>
  <datafield tag="952" ind1=" " ind2=" ">
    <subfield code="0">0</subfield>
    <subfield code="1">0</subfield>
    <subfield code="4">0</subfield>
    <subfield code="7">0</subfield>
    <subfield code="8">NFIC</subfield>
    <subfield code="a">L</subfield>
    <subfield code="b">L</subfield>
    <subfield code="d">2019-12-30</subfield>
    <subfield code="e">BPPD/Ven.</subfield>
    <subfield code="g">4.00</subfield>
    <subfield code="l">0</subfield>
    <subfield code="o">840 &#x62C; &#x645; &#x646;</subfield>
    <subfield code="p">A-645061</subfield>
    <subfield code="r">2019-12-30 00:00:00</subfield>
    <subfield code="t">1</subfield>
    <subfield code="v">4.00</subfield>
    <subfield code="w">2019-12-30</subfield>
    <subfield code="y">UR</subfield>
  </datafield>
</record>
